| 000 | 00965nam a2200229 i 4500 | ||
|---|---|---|---|
| 001 | 17744 | ||
| 003 | ES-MaACL | ||
| 005 | 20230906151646.0 | ||
| 007 | t| | ||
| 008 | 010514s1924 sp ||||1| spa d | ||
| 080 | _a612.6 | ||
| 100 | 1 |
_aMadrid Moreno, José. _975358 |
|
| 245 | 1 | 0 | _aDiscurso leído ante la Real Academia Nacional de Medicina en su recepción pública por el académico electo Excmo. Sr. Dr. D. José Madrid Moreno y contestación del Excmo. Sr. Dr. D. José Rodríguez Carracido el día 16 de junio de 1924. |
| 260 |
_aMadrid : _b[s.n.], _c1924 ( _fImp. de la Viuda de López del Horno) |
||
| 300 |
_a62 p. ; _c24 cm. |
||
| 594 | _aTema: Los problemas biológicos de la reproducción de los seres organizados. | ||
| 650 |
_aReproducción. _916853 |
||
| 700 | 1 |
_aRodríguez Carracido, José, _d1856-1928 _998407 |
|
| 710 | 2 |
_aReal Academia Nacional de Medicina (España) _96344 |
|
| 852 |
_aES-MaACL _j2165-F-3 |
||
| 999 |
_c17744 _d17744 |
||